[Event "SVM-Regionalliga 2024-25"]
[Site "?"]
[Date "2025.03.16"]
[Round "9.4"]
[Board "8"]
[White "Voigt,Ingrid"]
[Black "Wegener,Marcus"]
[WhiteTeam "SV Horrem 1"]
[BlackTeam "SG Porz 4"]
[WhiteElo "1990"]
[BlackElo "1984"]
[WhiteDWZ "1926"]
[BlackDWZ "1918"]
[Result "1/2-1/2"]
[PlyCount "94"]
[EventDate "2025.03.16"]
[SourceDate "2025.03.16"]
 
1. e4 c5 2. Nf3 Nc6 3. d4 cxd4 4. Nxd4 Nf6 5. Nc3 e5 6. Ndb5 d6 7. a4 a6 8. Na3 Bg4 9. f3 Be6 10. Bc4 Nb4 11. O-O d5 12. exd5 Nbxd5 13. Nxd5 Nxd5 14. Re1 Bc5+ 15. Kh1 Qd6 16. Bb3 Bxa3 17. Rxa3 O-O-O 18. c4 Nb4 19. Qxd6 Rxd6 20. c5 Rd3 21. Bxe6+ fxe6 22. Bg5 Rxa3 23. bxa3 Nc6 24. Kg1 Rf8 25. Re4 Rf7 26. Bd2 Rd7 27. Bc3 Rd5 28. Rc4 Kd7 29. Kf2 Nd4 30. Rb4 {(=)} Kc7 31. Bxd4 exd4 32. Rb6 e5 33. Re6 Kd7 34. Rb6 Rxc5 35. Rxb7+ Kc6 36. Rxg7 Rc2+ 37. Ke1 Kd5 38. h4 Kc4 39. Re7 Rxg2 40. Rxe5 Kd3 41. Re7 Ra2 42. Re6 Rxa3 43. Rxa6 Ra1+ 44. Kf2 Kd2 45. f4 Rh1 46. Rh6 Ra1 47. Ra6 Rh1 {(=)} 1/2-1/2

[Event "SVM-Regionalliga 2024-25"]
[Site "?"]
[Date "2025.03.16"]
[Round "9.5"]
[Board "1"]
[White "Menzel,Maximilian"]
[Black "Esser,Michael"]
[WhiteTeam "SG Porz 3"]
[BlackTeam "Bayer Leverkusen 1"]
[WhiteElo "2172"]
[BlackElo "1998"]
[WhiteDWZ "2174"]
[BlackDWZ "2017"]
[Result "1-0"]
[PlyCount "109"]
[EventDate "2025.03.16"]
[SourceDate "2025.03.16"]
 
1. d4 d5 2. Nf3 e6 3. c4 c6 4. g3 Bd6 5. Bg2 Nd7 6. O-O Ngf6 7. Nc3 O-O 8. Nd2 Bc7 9. e4 dxe4 10. Ndxe4 Nxe4 11. Nxe4 b6 12. Bg5 f6 13. Bd2 Re8 14. Qb3 Bb7 15. c5 Nf8 16. Rad1 Qd7 17. Rfe1 Qf7 18. Bf4 e5 19. Qxf7+ Kxf7 20. dxe5 fxe5 21. Be3 Rad8 22. cxb6 axb6 23. Rc1 Ne6 24. Ng5+ Nxg5 25. Bxg5 Rd6 26. Red1 Ree6 {(=)} 27. Bd5 cxd5 28. Rxc7+ Kg6 29. Be7 Bc6 30. Bxd6 Rxd6 31. Rxc6 Rxc6 32. Rxd5 Kf5 33. Rb5 Ke4 34. Kg2 g5 35. a4 h5 36. b4 Kd4 37. a5 bxa5 38. bxa5 Ra6 39. h3 Ra8 40. Kf3 Rf8+ 41. Ke2 Ra8 42. Kd2 Rf8 43. Rb4+ Kc5 44. Ra4 Rxf2+ 45. Ke3 Rf8 46. a6 Kb6 47. a7 Ra8 48. Ke4 g4 49. hxg4 hxg4 50. Kxe5 Rxa7 51. Rxa7 Kxa7 52. Kf5 Kb6 53. Kxg4 Kc6 54. Kf5 Kd7 55. Kf6 1-0

[Event "SVM-Regionalliga 2024-25"]
[Site "?"]
[Date "2025.03.16"]
[Round "9.5"]
[Board "2"]
[White "Böhm,Stefan"]
[Black "Finke,Kai"]
[WhiteTeam "Bayer Leverkusen 1"]
[BlackTeam "SG Porz 3"]
[WhiteElo "1963"]
[BlackElo "2111"]
[WhiteDWZ "1961"]
[BlackDWZ "2131"]
[Result "1-0"]
[PlyCount "61"]
[EventDate "2025.03.16"]
[SourceDate "2025.03.16"]
 
1. d4 Nf6 2. c4 e6 3. Nc3 Bb4 4. Qc2 O-O 5. Nf3 b6 6. e4 Bb7 7. Bd3 d5 8. cxd5 exd5 9. e5 Ne4 10. O-O Bxc3 11. bxc3 f5 12. exf6 Qxf6 13. Ne5 Qd6 14. f3 Nf6 15. Bf4 Re8 16. g4 h6 17. Bg6 Re7 18. Rae1 Nbd7 19. Nc6 Rxe1 20. Bxd6 Rxf1+ 21. Kxf1 cxd6 22. Ne7+ Kf8 23. Nf5 Ba6+ 24. Kf2 Rc8 25. Qd2 Rc7 26. Qe3 Nb8 27. h4 Bc8 28. Qf4 Bxf5 29. Qxd6+ Kg8 30. Qd8+ Ne8 31. Qxe8# 1-0

[Event "SVM-Regionalliga 2024-25"]
[Site "?"]
[Date "2025.03.16"]
[Round "9.5"]
[Board "3"]
[White "Paulus,Jeffrey"]
[Black "Claßen,Harald"]
[WhiteTeam "SG Porz 3"]
[BlackTeam "Bayer Leverkusen 1"]
[WhiteElo "2025"]
[BlackElo "1970"]
[WhiteDWZ "2034"]
[BlackDWZ "1944"]
[Result "1-0"]
[PlyCount "125"]
[EventDate "2025.03.16"]
[SourceDate "2025.03.16"]
 
1. d4 d5 2. c4 dxc4 3. e4 Nc6 4. Nf3 Bg4 5. d5 Ne5 6. Bf4 Ng6 7. Be3 e5 8. Bxc4 a6 9. a4 Nf6 10. Nc3 Bd6 11. O-O O-O 12. a5 Qe7 13. h3 Bd7 14. Re1 Kh8 15. Bf1 Rfd8 16. Qb3 Nh5 17. Kh1 Nhf4 18. Ng1 Nh5 19. Qc2 Nf6 20. Na4 Bb4 21. Rec1 Bxa4 22. Rxa4 Bd6 23. Rc4 Ne8 24. Nf3 Nf8 25. Qc3 Nd7 26. Be2 Kg8 27. Qb3 Rdb8 28. Bg5 f6 29. Be3 Kh8 30. Qc2 Kg8 31. Nh4 g6 32. Bg4 Nf8 33. g3 Kh8 34. Ng2 Kg7 35. f4 Rd8 36. Qb3 Rdb8 37. Qc3 Nd7 38. Bf3 Kg8 39. Ne1 Rd8 40. Nd3 Nf8 41. Bf2 Qg7 42. fxe5 fxe5 43. Nc5 Rdb8 44. Nd3 Qe7 45. Kg2 Rd8 46. b4 Qg7 47. Bc5 Qe7 48. Qd2 Kg7 49. Qe3 Rdb8 50. Bd1 Rd8 51. Ba4 Nd7 52. R4c2 Rab8 53. Ba7 Ra8 54. Nc5 Bxc5 55. Bxc5 Nxc5 56. Bxe8 Qxe8 57. Rxc5 Rac8 58. Rxc7+ Rxc7 59. Rxc7+ Rd7 60. Qc3 Rxc7 61. Qxc7+ Kh6 62. Qc1+ Kg7 63. Qc4 1-0

[Event "SVM-Regionalliga 2024-25"]
[Site "?"]
[Date "2025.03.16"]
[Round "9.5"]
[Board "4"]
[White "Mazaheri Tehrani,Mehrdad"]
[Black "Spindler,Florian"]
[WhiteTeam "Bayer Leverkusen 1"]
[BlackTeam "SG Porz 3"]
[WhiteElo "1921"]
[BlackElo "1993"]
[WhiteDWZ "1862"]
[BlackDWZ "2005"]
[Result "0-1"]
[PlyCount "130"]
[EventDate "2025.03.16"]
[SourceDate "2025.03.16"]
 
1. Nf3 d5 2. g3 Nf6 3. Bg2 c5 4. O-O Nc6 5. d3 e5 6. Na3 Be7 7. c4 d4 8. Nc2 O-O 9. a3 Qc7 10. Bd2 a5 11. b3 h6 12. Rb1 Bf5 13. b4 axb4 14. axb4 Bh7 15. bxc5 Bxc5 16. Rb5 b6 17. Rb2 Nd7 18. Nb4 Nxb4 19. Bxb4 Rab8 20. Nd2 f5 21. Qa4 Rf6 22. Rfb1 Bg6 23. Nb3 e4 24. Qa3 exd3 25. exd3 f4 26. Nxc5 bxc5 27. Bd5+ Bf7 28. Bd2 Bxd5 29. Rxb8+ Nxb8 30. cxd5 fxg3 31. hxg3 Rb6 32. Rc1 Nd7 33. Qa8+ Qb8 34. Qa4 Qb7 35. Qc4 Rd6 36. Bf4 Rxd5 37. Re1 Kh7 38. Re8 Nf6 39. Re5 Rxe5 40. Bxe5 Qd5 41. Qxd5 Nxd5 42. Bd6 {(=)} c4 43. dxc4 d3 44. Kf1 d2 45. Ke2 Nc3+ 46. Kxd2 Ne4+ 47. Kd3 Nxd6 48. c5 Ne8 49. Ke4 Kg6 50. Ke5 Kf7 51. c6 g6 52. g4 Ke7 53. f4 Nf6 54. g5 Ng4+ 55. Ke4 hxg5 56. fxg5 Kd6 57. Kf4 Nf2 58. c7 Kxc7 59. Ke5 Nh3 60. Kf6 Nf4 61. Ke5 Nh5 62. Ke6 Kc6 63. Ke5 Kd7 64. Kd5 Ke7 65. Ke5 Ng7 0-1

[Event "SVM-Regionalliga 2024-25"]
[Site "?"]
[Date "2025.03.16"]
[Round "9.5"]
[Board "5"]
[White "Kagan,Dennis"]
[Black "Lessing,Sebastian"]
[WhiteTeam "SG Porz 3"]
[BlackTeam "Bayer Leverkusen 1"]
[WhiteElo "2021"]
[BlackElo "1892"]
[WhiteDWZ "2004"]
[BlackDWZ "1856"]
[Result "1/2-1/2"]
[PlyCount "83"]
[EventDate "2025.03.16"]
[SourceDate "2025.03.16"]
 
1. e4 c6 2. c4 d5 3. exd5 cxd5 4. cxd5 Qxd5 5. Nc3 Qa5 6. Bc4 Nf6 7. Nf3 e6 8. O-O Be7 9. d4 O-O 10. Qe2 Nc6 11. Bd2 Qh5 12. Rad1 Rd8 13. Ne4 Nxe4 14. Qxe4 Bf6 15. Bc3 Ne7 16. Rd3 Nd5 17. Ne5 Qf5 18. Qe1 Nxc3 19. Qxc3 Bxe5 20. dxe5 Rxd3 21. Bxd3 Qg5 22. Qc7 Kf8 23. Rc1 Bd7 24. h4 Qd2 25. Qd6+ Ke8 26. Rc7 Rd8 27. Rxb7 Qc1+ 28. Bf1 a5 29. a4 Qe1 30. b3 Qc1 31. g3 g6 32. Rc7 Qb1 33. Rb7 Qc1 34. Ra7 Qb1 35. Rxa5 Bxa4 36. Qa6 Bxb3 37. Qb5+ Kf8 38. Qb4+ Kg7 39. Qe7 Rf8 40. Qf6+ Kg8 41. Qf4 Qd1 42. Rc5 {(=)} 1/2-1/2

[Event "SVM-Regionalliga 2024-25"]
[Site "?"]
[Date "2025.03.16"]
[Round "9.5"]
[Board "6"]
[White "Eßer,Julian"]
[Black "Slowik,Martin"]
[WhiteTeam "Bayer Leverkusen 1"]
[BlackTeam "SG Porz 3"]
[WhiteElo "1939"]
[BlackElo "1984"]
[WhiteDWZ "1971"]
[BlackDWZ "1950"]
[Result "1/2-1/2"]
[PlyCount "91"]
[EventDate "2025.03.16"]
[SourceDate "2025.03.16"]
 
1. e4 e5 2. Nf3 Nc6 3. Bb5 Nge7 4. d4 exd4 5. Nxd4 g6 6. Be3 Bg7 7. Nc3 a6 8. Be2 d5 9. exd5 Nb4 10. Qd2 Nbxd5 11. Nxd5 Nxd5 12. Bh6 Bxh6 13. Qxh6 Qf6 14. O-O-O Qf4+ 15. Qxf4 Nxf4 16. Bf3 Rb8 17. Rhe1+ Kf8 18. Nb3 Ne6 19. Na5 Kg7 20. Re3 c5 21. c3 b6 22. Nc6 Rb7 23. Ne5 Rc7 24. Red3 Re8 25. Nc4 b5 26. Nd6 Ree7 27. Nxc8 Rxc8 28. Rd7 Rc7 29. Rxe7 Rxe7 30. Re1 Kf6 31. Bd5 a5 32. a3 b4 33. axb4 axb4 34. Bxe6 Rxe6 35. Rxe6+ Kxe6 36. cxb4 cxb4 37. Kc2 Kd5 38. Kd3 f5 39. f3 Kc5 40. g4 Kd5 41. b3 fxg4 42. fxg4 g5 43. h3 h6 44. Ke3 Ke5 45. Kd3 Kd5 46. Ke3 {(=)} 1/2-1/2

[Event "SVM-Regionalliga 2024-25"]
[Site "?"]
[Date "2025.03.16"]
[Round "9.6"]
[Board "1"]
[White "Henrotte,Nils"]
[Black "Kocur,Alois"]
[WhiteTeam "Eschweiler SC 1"]
[BlackTeam "SV Springer Hitdorf 1"]
[WhiteElo "1987"]
[BlackElo "2243"]
[WhiteDWZ "1957"]
[BlackDWZ "2180"]
[Result "0-1"]
[PlyCount "36"]
[EventDate "2025.03.16"]
[SourceDate "2025.03.16"]
 
1. e3 Nf6 2. b3 g6 3. Bb2 Bg7 4. d3 O-O 5. Nd2 d6 6. f4 e5 7. Qf3 exf4 8. exf4 Re8+ 9. Be2 Bg4 10. Qxb7 Nbd7 11. h3 Rb8 12. Qxa7 Bxe2 13. Nxe2 Nc5 14. Qa5 Qe7 15. O-O Ra8 16. Qb5 Qe3+ 17. Rf2 Qxd2 18. Kf1 Qxc2 0-1

[Event "SVM-Regionalliga 2024-25"]
[Site "?"]
[Date "2025.03.16"]
[Round "9.6"]
[Board "3"]
[White "Singh,Marcel"]
[Black "Schmitz,Andreas Arnold"]
[WhiteTeam "Eschweiler SC 1"]
[BlackTeam "SV Springer Hitdorf 1"]
[WhiteElo "1929"]
[BlackElo "1967"]
[WhiteDWZ "1824"]
[BlackDWZ "2021"]
[Result "1/2-1/2"]
[PlyCount "23"]
[EventDate "2025.03.16"]
[SourceDate "2025.03.16"]
 
1. e4 e6 2. Qe2 Nc6 3. Nf3 e5 4. g3 Bc5 5. Bg2 d6 6. c3 a5 7. O-O Qf6 8. d3 Bg4 9. Be3 Nge7 10. Nbd2 O-O 11. a4 Bxe3 12. Qxe3 {(=)} 1/2-1/2

[Event "SVM-Regionalliga 2024-25"]
[Site "?"]
[Date "2025.03.16"]
[Round "9.6"]
[Board "4"]
[White "Pyrowicz,Jacek"]
[Black "Weisshaupt,Rainer"]
[WhiteTeam "SV Springer Hitdorf 1"]
[BlackTeam "Eschweiler SC 1"]
[WhiteElo "1929"]
[BlackElo "2059"]
[WhiteDWZ "1852"]
[BlackDWZ "1921"]
[Result "0-1"]
[PlyCount "110"]
[EventDate "2025.03.16"]
[SourceDate "2025.03.16"]
 
1. d4 Nf6 2. Nf3 d5 3. Bf4 Bf5 4. e3 e6 5. Nbd2 Bd6 6. Bg3 Nc6 7. c3 O-O 8. Be2 Qe7 9. Ne5 Nd7 10. f4 f6 11. Nxd7 Qxd7 12. Nf3 a6 13. Bd3 Be4 14. O-O Rad8 15. Qc2 Bxd3 16. Qxd3 Ne7 17. e4 dxe4 18. Qxe4 Nf5 19. Bf2 c6 20. g4 Nh6 21. g5 Nf5 22. Kh1 Bc7 23. Rg1 Kh8 24. Rae1 Rde8 25. c4 Qd6 26. Rg4 b5 27. b3 Qd7 28. Reg1 Rd8 29. gxf6 gxf6 30. Nh4 Rg8 31. Rxg8+ Rxg8 32. Rxg8+ Kxg8 33. Nxf5 exf5 34. Qg2+ Kf8 {(=)} 35. Be3 bxc4 36. bxc4 Qe6 37. Qd2 {(=)} Qxc4 38. Kg2 a5 39. Kf2 Bb6 40. Qb2 Qb5 41. Qc2 a4 42. Qc3 Kf7 43. Qa3 Qc4 44. Qb2 Qb5 45. Qa3 Bc7 46. Ke1 Qc4 47. Qb2 Bd6 48. a3 Qb3 49. Qxb3+ axb3 50. Bc1 Bxf4 51. Bb2 Ke6 52. h3 Kd5 53. Ke2 Kc4 54. a4 Bc7 55. Kd2 f4 0-1

[Event "SVM-Regionalliga 2024-25"]
[Site "?"]
[Date "2025.03.16"]
[Round "9.6"]
[Board "5"]
[White "Huppertz,Andrea"]
[Black "Schmitz,Manuela"]
[WhiteTeam "Eschweiler SC 1"]
[BlackTeam "SV Springer Hitdorf 1"]
[WhiteElo "1888"]
[BlackElo "1815"]
[WhiteDWZ "1752"]
[BlackDWZ "1846"]
[Result "1/2-1/2"]
[PlyCount "65"]
[EventDate "2025.03.16"]
[SourceDate "2025.03.16"]
 
1. d4 d5 2. Nf3 Nf6 3. Bf4 e6 4. e3 Bd6 5. Ne5 O-O 6. Bd3 c5 7. c3 b6 8. g4 Bxe5 9. Bxe5 Nc6 10. h4 c4 11. g5 Nxe5 12. dxe5 Nd7 13. Bc2 Nxe5 14. f4 Nd3+ 15. Bxd3 cxd3 16. Qxd3 f6 17. Nd2 Bb7 18. Nf3 Rc8 19. Rg1 Kh8 20. O-O-O Qe7 21. Rg3 e5 22. gxf6 gxf6 23. Qf5 Rce8 24. fxe5 fxe5 25. Qg5 Qxg5 26. Nxg5 h6 27. Nh3 Rg8 28. Rdg1 Rxg3 29. Rxg3 Kh7 30. Kd2 Rf8 31. Ke1 Ba6 32. Nf2 Rf7 33. Ng4 {(=)} 1/2-1/2

[Event "SVM-Regionalliga 2024-25"]
[Site "?"]
[Date "2025.03.16"]
[Round "9.6"]
[Board "6"]
[White "Kocur,Beata"]
[Black "Bieberle,Gerhart"]
[WhiteTeam "SV Springer Hitdorf 1"]
[BlackTeam "Eschweiler SC 1"]
[WhiteElo "1914"]
[BlackElo "1936"]
[WhiteDWZ "1781"]
[BlackDWZ "1728"]
[Result "1/2-1/2"]
[PlyCount "129"]
[EventDate "2025.03.16"]
[SourceDate "2025.03.16"]
 
1. e4 c6 2. d4 d5 3. Nc3 dxe4 4. Nxe4 Bf5 5. Ng3 Bg6 6. Nf3 Nf6 7. Bd3 Bxd3 8. Qxd3 e6 9. O-O Be7 10. Be3 Nbd7 11. Rfe1 O-O 12. Rad1 Qc7 13. c4 b6 14. Qb3 Rfe8 15. Ne2 Rad8 16. Bf4 Qb7 17. Ne5 Nh5 18. Bd2 Nxe5 19. dxe5 g6 20. Nc3 Rd3 21. Qc2 Red8 22. Be3 Rxd1 23. Rxd1 Rxd1+ 24. Nxd1 Qd7 25. b3 Ng7 26. g4 h5 27. h3 f5 28. exf6 Bxf6 29. Qe2 Bd4 30. Bxd4 Qxd4 31. Ne3 c5 32. Kg2 Qe4+ 33. Qf3 Qxf3+ 34. Kxf3 Kf7 35. Ke4 Kf6 36. f4 Ne8 37. Nf1 Nd6+ 38. Kf3 a6 39. Ng3 hxg4+ 40. hxg4 e5 41. Ne4+ Nxe4 42. Kxe4 exf4 43. Kxf4 g5+ 44. Ke4 Ke6 45. a3 b5 46. cxb5 axb5 47. a4 c4 48. axb5 cxb3 49. Kd3 Kd5 50. Kc3 Kc5 51. Kxb3 Kxb5 52. Kc3 Kc5 53. Kd3 Kd5 54. Ke3 Ke5 55. Kf3 Kd4 56. Kg2 Ke4 57. Kg3 Ke3 58. Kg2 Kf4 59. Kf2 Kxg4 60. Kg2 Kf4 61. Kf2 g4 62. Kg2 g3 63. Kg1 Kf3 64. Kf1 g2+ 65. Kg1 {(=)} 1/2-1/2

[Event "SVM_Regionalliga_2024-25"]
[Site "?"]
[Date "2025.04.06"]
[Round "10.2"]
[Board "1"]
[White "Kocur,Alois"]
[Black "Menzel,Maximilian"]
[WhiteTeam "SV Springer Hitdorf 1"]
[BlackTeam "SG Porz 3"]
[WhiteElo "2243"]
[BlackElo "2173"]
[WhiteDWZ "2180"]
[BlackDWZ "2147"]
[Result "1/2-1/2"]
[PlyCount "25"]
[EventDate "2025.04.06"]
[SourceDate "2025.04.06"]
 
1. e4 c6 2. d4 d5 3. Nc3 dxe4 4. Nxe4 Nd7 5. Nf3 Ngf6 6. Nc3 g6 7. Bd3 Bg7 8. O-O O-O 9. h3 c5 10. Be3 b6 11. Qe2 Bb7 12. Rad1 Qc8 13. Ne5 {(=)} 1/2-1/2

[Event "SVM_Regionalliga_2024-25"]
[Site "?"]
[Date "2025.04.06"]
[Round "10.2"]
[Board "3"]
[White "Schmitz,Andreas Arnold"]
[Black "Kremser,Michael"]
[WhiteTeam "SV Springer Hitdorf 1"]
[BlackTeam "SG Porz 3"]
[WhiteElo "1967"]
[BlackElo "2024"]
[WhiteDWZ "2021"]
[BlackDWZ "2084"]
[Result "0-1"]
[PlyCount "92"]
[EventDate "2025.04.06"]
[SourceDate "2025.04.06"]
 
1. e4 c6 2. Be2 d5 3. d3 e5 4. Nf3 Bd6 5. c4 Nf6 6. cxd5 cxd5 7. O-O Nc6 8. Bg5 d4 9. Nbd2 h6 10. Bh4 g5 11. Bg3 Qe7 12. Nc4 h5 13. h4 gxh4 14. Bxh4 Bc7 15. Qb3 Rg8 16. Rfc1 Rg4 17. g3 Rg6 18. Qa3 Qxa3 19. Nxa3 Bg4 20. Nb5 Bb8 21. Rc4 a6 22. Na3 Bd6 23. Rc2 Nb4 24. Rd2 b5 25. Ne1 Rc8 26. Nac2 Nd7 27. f3 Be6 28. Nxb4 Bxb4 29. Rc2 Nb6 30. Rxc8+ Bxc8 31. Nc2 Bf8 32. f4 exf4 33. Bxh5 Rh6 34. g4 Bxg4 35. Bxg4 Rxh4 36. Bf5 Na4 37. Rc1 Nxb2 38. Nxd4 Nxd3 39. Rc8+ Ke7 40. Nc6+ Kd6 41. Nb8 Be7 42. Nxa6 f3 43. Rc3 f2+ 44. Kg2 Rh2+ 45. Kxh2 f1=Q 46. Rxd3+ Ke5 0-1

[Event "SVM_Regionalliga_2024-25"]
[Site "?"]
[Date "2025.04.06"]
[Round "10.2"]
[Board "5"]
[White "Pyrowicz,Jacek"]
[Black "Padva,Leo"]
[WhiteTeam "SV Springer Hitdorf 1"]
[BlackTeam "SG Porz 3"]
[WhiteElo "1929"]
[BlackElo "1974"]
[WhiteDWZ "1852"]
[BlackDWZ "2011"]
[Result "0-1"]
[PlyCount "70"]
[EventDate "2025.04.06"]
[SourceDate "2025.04.06"]
 
1. d4 Nf6 2. Nf3 d5 3. Bf4 c5 4. e3 Nc6 5. c3 Qb6 6. Qb3 c4 7. Qc2 g6 8. Nbd2 Bf5 9. Qc1 Bg7 10. h3 O-O 11. g4 Be4 12. Nxe4 Nxe4 13. Qc2 Rae8 14. Bg2 e5 15. dxe5 Nxe5 16. Nxe5 Bxe5 17. Bh6 Bg7 18. Bxg7 Kxg7 19. O-O-O Qa5 20. a3 f5 21. f3 Nc5 22. Kb1 Nd3 23. gxf5 Rxf5 24. e4 dxe4 25. fxe4 Rf2 26. Rd2 {(=)} Ref8 27. Rhd1 Qg5 28. Bh1 Rxd2 29. Rxd2 Qg1+ 30. Rd1 Qe3 31. Qa4 b5 32. Qxb5 Qe2 33. Rg1 Rf1+ 34. Rxf1 Qxf1+ 35. Ka2 Nc1+ 0-1

[Event "SVM_Regionalliga_2024-25"]
[Site "?"]
[Date "2025.04.06"]
[Round "10.2"]
[Board "6"]
[White "Kagan,Dennis"]
[Black "Schmitz,Manuela"]
[WhiteTeam "SG Porz 3"]
[BlackTeam "SV Springer Hitdorf 1"]
[WhiteElo "2021"]
[BlackElo "1815"]
[WhiteDWZ "2004"]
[BlackDWZ "1846"]
[Result "1/2-1/2"]
[PlyCount "87"]
[EventDate "2025.04.06"]
[SourceDate "2025.04.06"]
 
1. e4 e6 2. d4 d5 3. e5 c5 4. c3 Nc6 5. Nf3 Bd7 6. a3 f6 7. exf6 Nxf6 8. b4 cxd4 9. cxd4 a6 10. Bf4 Be7 11. Bd3 O-O 12. O-O Ne4 13. Be5 Bf6 14. Re1 Bxe5 15. dxe5 Ng5 16. Nbd2 Rc8 17. Qb1 Nxf3+ 18. Nxf3 Rxf3 19. gxf3 Qg5+ 20. Kh1 Qh5 21. Qd1 Nxe5 22. Be2 Bc6 23. Qd4 Rf8 24. Rg1 g6 25. Rg3 Nxf3 26. Bxf3 Rxf3 27. Re1 Qf5 28. Kg1 Rf4 29. Qe5 Re4 30. Rxe4 dxe4 31. Qxf5 exf5 32. Kf1 Kf7 33. Ke2 Kf6 34. Ke3 Ke5 35. Rg5 Be8 36. f4+ exf3 37. Kxf3 h6 38. Rg1 Bc6+ 39. Kf2 g5 40. Rd1 Bd5 41. Rc1 Bc6 42. Rd1 Bd5 43. Rc1 Bc6 44. Rd1 1/2-1/2

[Event "SVM_Regionalliga_2024-25"]
[Site "?"]
[Date "2025.04.06"]
[Round "10.2"]
[Board "7"]
[White "Kocur,Beata"]
[Black "Slowik,Martin"]
[WhiteTeam "SV Springer Hitdorf 1"]
[BlackTeam "SG Porz 3"]
[WhiteElo "1914"]
[BlackElo "1949"]
[WhiteDWZ "1781"]
[BlackDWZ "1950"]
[Result "1/2-1/2"]
[PlyCount "69"]
[EventDate "2025.04.06"]
[SourceDate "2025.04.06"]
 
1. e4 e5 2. Nf3 Nc6 3. d4 exd4 4. Bc4 Nf6 5. e5 d5 6. Bb5 Nd7 7. O-O Be7 8. Bxc6 bxc6 9. Qxd4 O-O 10. Nc3 Nc5 11. Be3 Bf5 12. Qd2 Ne6 13. a3 Bg4 14. Nd4 Qd7 15. f3 Nxd4 16. Qxd4 Be6 17. Qa4 Rfd8 18. Rad1 c5 19. Qxd7 Rxd7 20. Bc1 c6 21. Rfe1 Bf5 22. Re2 h5 23. h3 h4 24. Rde1 c4 25. Nd1 d4 26. f4 Bc5 27. Kh2 Rad8 28. b4 cxb3 29. cxb3 d3 30. Rd2 Rd4 31. Rf1 Re4 32. Nc3 Re3 33. Rdd1 Rg3 34. Rf3 Rxf3 35. gxf3 {(=)} 1/2-1/2

[Event "SVM_Regionalliga_2024-25"]
[Site "?"]
[Date "2025.04.06"]
[Round "10.3"]
[Board "1"]
[White "Esser,Michael"]
[Black "Marcziter,Alex"]
[WhiteTeam "Bayer Leverkusen 1"]
[BlackTeam "SG Porz 4"]
[WhiteElo "1998"]
[BlackElo "2103"]
[WhiteDWZ "2017"]
[BlackDWZ "2076"]
[Result "1/2-1/2"]
[PlyCount "25"]
[EventDate "2025.04.06"]
[SourceDate "2025.04.06"]
 
1. e4 e6 2. d4 d5 3. exd5 exd5 4. Bd3 Nf6 5. Bg5 h6 6. Bh4 Be7 7. Ne2 Ne4 8. Bxe7 Qxe7 9. f3 Nd6 10. Nbc3 c6 11. Qd2 O-O 12. O-O-O Bf5 13. Bxf5 {(=)} 1/2-1/2

[Event "SVM_Regionalliga_2024-25"]
[Site "?"]
[Date "2025.04.06"]
[Round "10.3"]
[Board "2"]
[White "Wagenknecht,Uwe"]
[Black "Böhm,Stefan"]
[WhiteTeam "SG Porz 4"]
[BlackTeam "Bayer Leverkusen 1"]
[WhiteElo "2118"]
[BlackElo "1962"]
[WhiteDWZ "2086"]
[BlackDWZ "1961"]
[Result "1/2-1/2"]
[PlyCount "46"]
[EventDate "2025.04.06"]
[SourceDate "2025.04.06"]
 
1. Nf3 d5 2. b3 c5 3. e3 Nf6 4. Bb2 g6 5. c4 dxc4 6. Bxc4 Bg7 7. d4 O-O 8. dxc5 Qa5+ 9. Nbd2 Qxc5 10. Rc1 Qd6 11. e4 Ng4 12. Bxg7 Kxg7 13. Qc2 Nc6 14. Qb2+ Kg8 15. O-O Qf6 16. Qxf6 exf6 17. a3 Be6 18. Bd5 Rac8 19. Bxc6 bxc6 20. Rc3 Rfd8 21. Rfc1 Ne5 22. b4 a5 23. bxa5 Ra8 {(=)} 1/2-1/2

[Event "SVM_Regionalliga_2024-25"]
[Site "?"]
[Date "2025.04.06"]
[Round "10.3"]
[Board "3"]
[White "Claßen,Harald"]
[Black "Sistig,Max"]
[WhiteTeam "Bayer Leverkusen 1"]
[BlackTeam "SG Porz 4"]
[WhiteElo "1970"]
[BlackElo "1963"]
[WhiteDWZ "1944"]
[BlackDWZ "1989"]
[Result "1/2-1/2"]
[PlyCount "45"]
[EventDate "2025.04.06"]
[SourceDate "2025.04.06"]
 
1. c4 Nf6 2. Nc3 g6 3. g3 Bg7 4. Bg2 O-O 5. d4 d6 6. e3 c5 7. Nge2 Nbd7 8. O-O Rb8 9. b3 Ne8 10. Bb2 Nc7 11. Qc2 b5 12. cxb5 Nxb5 13. Nxb5 Rxb5 14. Rfd1 cxd4 15. Nxd4 Rc5 16. Qd2 Ne5 17. f4 Ng4 18. h3 Nf6 19. Rac1 Rxc1 20. Rxc1 d5 21. Nc6 Qd7 22. Ba3 Bb7 23. Ne5 {(=)} 1/2-1/2

[Event "SVM_Regionalliga_2024-25"]
[Site "?"]
[Date "2025.04.06"]
[Round "10.3"]
[Board "4"]
[White "Thiemonds,Uli"]
[Black "Mazaheri Tehrani,Mehrdad"]
[WhiteTeam "SG Porz 4"]
[BlackTeam "Bayer Leverkusen 1"]
[WhiteElo "2055"]
[BlackElo "1921"]
[WhiteDWZ "2014"]
[BlackDWZ "1862"]
[Result "1-0"]
[PlyCount "53"]
[EventDate "2025.04.06"]
[SourceDate "2025.04.06"]
 
1. e4 d6 2. d4 g6 3. Nc3 Bg7 4. Nf3 Nf6 5. h3 O-O 6. Be3 e5 7. Qd2 exd4 8. Nxd4 Re8 9. Bd3 d5 10. exd5 Nxd5 11. Nxd5 Qxd5 12. c3 Qxg2 13. O-O-O a6 14. h4 Qd5 15. h5 Qxa2 16. hxg6 fxg6 17. Bh6 Qa1+ 18. Bb1 Be5 19. Nb3 Qa4 20. Qd5+ Kh8 21. Bxg6 Bf4+ 22. Bxf4 Qxf4+ 23. Kb1 Be6 24. Rxh7+ Kg8 25. Qh5 Nc6 26. Rg1 Kf8 27. Nc5 1-0

[Event "SVM_Regionalliga_2024-25"]
[Site "?"]
[Date "2025.04.06"]
[Round "10.3"]
[Board "7"]
[White "Petrovic,Julijan"]
[Black "Aravindan,Midhulan"]
[WhiteTeam "Bayer Leverkusen 1"]
[BlackTeam "SG Porz 4"]
[WhiteElo "1814"]
[BlackElo "1867"]
[WhiteDWZ "1788"]
[BlackDWZ "1815"]
[Result "0-1"]
[PlyCount "96"]
[EventDate "2025.04.06"]
[SourceDate "2025.04.06"]
 
1. Nf3 Nf6 2. c4 c5 3. g3 g6 4. Bg2 Bg7 5. Nc3 Nc6 6. O-O O-O 7. d3 d6 8. a3 Bd7 9. Rb1 a5 10. Bg5 Rb8 11. Nb5 Qc8 12. Qd2 Bh3 13. Rfc1 Bxg2 14. Kxg2 b6 15. Ne1 Nd7 16. Nc2 a4 17. Bh6 Na5 18. Bxg7 Kxg7 19. Qc3+ Nf6 20. e4 Qc6 21. Ne3 e5 22. f4 Rbe8 23. Rf1 Nb3 24. Rf2 Nd4 25. Rbf1 Nd7 26. fxe5 dxe5 27. Nd5 f5 28. Nxd4 exd4 29. Qc2 Ne5 30. exf5 Ng4 31. f6+ Kh8 32. Qd2 Nxf2 33. Rxf2 Rf7 34. Kg1 Qe6 35. Qf4 Ref8 36. g4 Qe1+ 37. Kg2 Qd1 38. Ne7 Qxd3 39. g5 Qxc4 40. Qe4 Qc1 41. h4 b5 42. Nxg6+ hxg6 43. Qxg6 Rh7 44. h5 Qd1 45. h6 Qg4+ 46. Kh2 Rff7 47. Qd3 Qxg5 48. Rg2 Qxh6+ 0-1

[Event "SVM_Regionalliga_2024-25"]
[Site "?"]
[Date "2025.04.06"]
[Round "10.3"]
[Board "8"]
[White "Siegel,Irene"]
[Black "Bär,Marco"]
[WhiteTeam "SG Porz 4"]
[BlackTeam "Bayer Leverkusen 1"]
[WhiteElo "1639"]
[BlackElo "2031"]
[WhiteDWZ "1573"]
[BlackDWZ "2011"]
[Result "0-1"]
[PlyCount "60"]
[EventDate "2025.04.06"]
[SourceDate "2025.04.06"]
 
1. e4 c5 2. c3 g6 3. d4 cxd4 4. cxd4 d5 5. e5 Bg7 6. Nf3 Nc6 7. Bb5 Bg4 8. Nbd2 Nh6 9. Nb3 O-O 10. Bxh6 Bxh6 11. O-O Qb6 12. Be2 Rac8 13. a3 a5 14. Ra2 e6 15. Nc5 Bxf3 16. Bxf3 Rfd8 17. Nb3 a4 18. Nc5 Nxd4 19. Qxd4 Rxc5 20. Qxa4 Rc4 21. b4 Rdc8 22. Be2 Rc3 23. Qb5 Qc7 24. a4 Qxe5 25. Qxb7 Rb8 26. Qd7 Rc7 27. Qxc7 Qxc7 28. b5 Qa5 29. Rb1 Rb6 30. g3 e5 0-1

[Event "SVM_Regionalliga_2024-25"]
[Site "?"]
[Date "2025.04.06"]
[Round "10.4"]
[Board "1"]
[White "Krings,Thomas"]
[Black "Vandenbergen,Nicolas"]
[WhiteTeam "SV Horrem 1"]
[BlackTeam "SK Turm Euskirchen 1"]
[WhiteElo "1766"]
[BlackElo "2107"]
[WhiteDWZ "2046"]
[BlackDWZ "2097"]
[Result "1/2-1/2"]
[PlyCount "64"]
[EventDate "2025.04.06"]
[SourceDate "2025.04.06"]
 
1. e4 c5 2. Nf3 e6 3. d3 Nc6 4. g3 g6 5. Bg2 Bg7 6. O-O Nge7 7. c3 d5 8. Nbd2 O-O 9. Re1 d4 10. cxd4 cxd4 11. a4 e5 12. Nc4 Be6 13. b3 Bxc4 14. bxc4 Nb4 15. Qb3 Nec6 16. a5 Qe7 17. Ba3 Rfe8 18. Reb1 Bf8 19. Qa4 Qc5 20. Ne1 b6 21. a6 Rac8 22. Nc2 b5 23. Qb3 bxc4 24. dxc4 Rb8 25. Bf1 Rb6 26. Qa4 Reb8 27. Rb2 d3 28. Bxd3 Nxd3 29. Bxc5 Nxb2 30. Qa3 Rb3 31. Bxf8 Rxa3 32. Bxa3 Nxc4 {(=)} 1/2-1/2